00548nam a22001817a 450000500170000001000150001702000260003202000150005803500140007303700090008708200120009610000180010824500820012626000420020827000670025030000200031770000290033720241106110717.0 aENG-140689 a9789387865372c250.00 a9387865371 aEN-124221 aDBAD a005.133 aSivakumar, K. aProblem Solving and Python Programming/cBy K. Sivakumar [and] D. Kaleeswaran aChennaibForschung Publicationsc2018 aMogappairbChennaik9626166683mforchungpublications@gmail.com a156p.c23cm(pb) aKaleeswaran, D. eAuthor